=LDR 00000nam 2200000 4500 =001 INLIS000000000018243 =005 20130612113426 =008 ***********************************Ind** =035 ##$$0010-061300000018243 =041 ##$$a Ind =082 ##$$a 633 =090 ##$$a 633, Sri p =100 ##$$a Sri Najiajati =245 ##$$a Palawija budidaya dan analisis usahatani, Sri najiyati =260 ##$$a 1992 $b Jakarta =300 ##$$a x, 112 hlm, ilus, 21 cm =650 ##$$a Palawija-Budidaya =850 ##$$a NBPNMAT =990 ##$$a 18721872 =990 ##$$a 01201801872 =990 ##$$a 00085467